سجل قديم لمكتبة جامع القيروان
محفوظ في:
المؤلف الرئيسي:
التنسيق: كتاب
اللغة: Undetermined
منشور في:
Al-Qāhirah
Matbaeat Misr
1957
الموضوعات:
الوسوم: إضافة وسم
لا توجد وسوم, كن أول من يضع وسما على هذه التسجيلة!
رقم الطلب: A70 SHAB
| LEADER | 00759nam a2200169Ia 4500 | ||
|---|---|---|---|
| 008 | 240404s9999||||xx |||||||||||||| ||und|| | ||
| 050 | 4 | |a A70 SHAB | |
| 100 | 1 | |a ابراهيم شبوح. | |
| 245 | 1 | 0 | |a سجل قديم لمكتبة جامع القيروان |c ابراهيم شبوح |
| 264 | 1 | |a Al-Qāhirah |b Matbaeat Misr |c 1957 | |
| 300 | |a 34 |c 25 | ||
| 500 | |a "فصلة من الجزء الثاني من المجلد الثاني من مجلة معهد المخطوطات العربية من ص. 339 الى 372." | ||
| 500 | |a يتضمن هوامش | ||
| 650 | 4 | |a المخطوطات العربية تونس القيروان فهارس ببليوغرافيا | |
| 650 | 4 | |a مكتبة جامع القيروان (تونس) فهارس | |
| 942 | |2 lcc |c BK | ||
| 999 | |c 58162 |d 58162 | ||
